| 000 | 00512nam a2200145Ia 4500 | ||
|---|---|---|---|
| 008 | 170221s9999 xx 000 0 und d | ||
| 100 | _aSeo, Hoontaek | ||
| 245 | _aBoard independence and corporate cash holding | ||
| 245 | _cHoontaek Seo, Niagara University; Daniel L. Tompkins, Niagara University; Sangho Yi, Sogang University. | ||
| 260 | _bJournal of Management and Marketing Research | ||
| 260 | _c2012 | ||
| 300 | _a32 : 6 | ||
| 650 | _xBusiness | ||
| 856 | _uhttp://www.aabri.com/manuscripts/131627.pdf | ||
| 999 |
_c311262 _d311262 |
||